000 00814nam a2200253Ia 4500
003 OSt
005 20220930093222.0
006 a|||||r|||| 00| 0
007 ta
008 220926b |||||||| |||| 00| 0 eng d
024 _a35346
037 _cTheses
040 _aCRL
_cCRL
_beng
041 _2eng
_aeng
100 _aARORA Bhawana Au.
_9533753
110 _aUniversity of Delhi. Faculty of Education. Education
_9551193
245 0 _aUnderstanding the Socio-Economic Environment and its Impact on Science as a Subject in Delhi Schools.
260 _c2016
300 _a350+85p.
_ap.
_ccm.
700 _a Dr. D Parimala Gu.
_9551194
700 _aUniversity of Delhi. Faculty of Education. Education
_9551195
942 _cDIS
_2CC
999 _c885022
_d885022